From sharp stabilization to growth. On the political economy of Israel's transition.

Analýza ekonomického vývoja v Izraeli v 80. a 90. rokoch. Stabilizačný program z júla 1985 ukončil 12 ročné obdobie vysokej inflácie, pomalého tempa ekonomického rastu a trvalej krízy platobnej bilancie. Od r. 1986 zvýšenie ekonomickej aktivity, zníženie inflácie a zlepšenie platobnej bilancie. Vývo...

Full description

Saved in:
Bibliographic Details
Main Author: Bruno, M.
Format: Book Chapter
Language:English
Subjects:
Tags: Add Tag
No Tags, Be the first to tag this record!

MARC

LEADER 00000naa a2200000 4500
001 r009640
005 20221130112802.1
041 0 |a eng 
044 |a NL 
245 1 0 |a From sharp stabilization to growth.  |b On the political economy of Israel's transition.  |c M. Bruno 
520 |a Analýza ekonomického vývoja v Izraeli v 80. a 90. rokoch. Stabilizačný program z júla 1985 ukončil 12 ročné obdobie vysokej inflácie, pomalého tempa ekonomického rastu a trvalej krízy platobnej bilancie. Od r. 1986 zvýšenie ekonomickej aktivity, zníženie inflácie a zlepšenie platobnej bilancie. Vývoj hlavných ukazovateľov 1986-1990 v porovnaní s 1981-1985. Náklady na udržanie relatívnej nízkej inflácie. 
610 2 0 |a rozvoj hospodársky 
610 2 0 |a Izrael 
610 2 0 |a zmeny štruktúrne 
610 2 0 |a stabilizácia hospodárstva 
610 2 0 |a inflácia 
610 2 0 |a bilancia platobná 
610 2 0 |a ukazovatele ekonomické 
610 2 0 |a 1981-1990 
100 1 |a Bruno, M.